[Event "DVM U16 2013"]
[Site "Lingen (Ems) GER"]
[Date "2013.12.28"]
[Round "4"]
[White "Arnhold, Steffi"]
[Black "Walliser, Pascal"]
[Result "1-0"]
[Termination "normal"]
[Board "9.4"]
[WhiteElo "1422"]
[BlackElo "1450"]
[WhiteTeam "SC Einheit Bautzen"]
[BlackTeam "SK Sontheim/Brenz"]
[WhiteFideId "12931365"]
[BlackFideId "12983128"]
[EventCountry "GER"]
[EventRounds "7"]
[EventType "team-swiss"]
[EventDate "2013.12.26"]

1. e4 e5 2. Nf3 Nc6 3. Bb5 a6 4. Ba4 d6 5. O-O Bg4 6. h3 h5 7. c3 b5 8. Bc2
Bxf3 9. Qxf3 g5 10. d3 Be7 11. Bb3 Bf6 12. Bxg5 Na5 13. Bxf6 Qxf6 14. Qxf6 Nxf6
15. Bc2 O-O-O 16. Nd2 d5 17. exd5 Nxd5 18. Nf3 Nc6 19. Rfe1 f6 20. Rad1 Nf4 21.
d4 Rhg8 22. Bf5+ Kb7 23. g3 h4 24. Nxh4 exd4 25. cxd4 Rxd4 26. Rxd4 Nxd4 27.
Be4+ Kb8 28. Bg2 Nxg2 29. Kxg2 c6 30. Nf3 Nc2 31. Re6 Rf8 32. h4 Kc7 33. h5 Rh8
34. g4 f5 35. Kg3 fxg4 36. Kxg4 Rg8+ 37. Rg6 Rh8 38. h6 Kd7 39. Ng5 Ke7 40. h7
Kf8 41. Rxc6 Kg7 42. Rxa6 Nb4 43. Ra7+ Kg6 44. f4 Nd5 45. f5+ Kh6 46. Ra6+ Kg7
47. Rg6+ Kf8 48. Ne6+ Kf7 49. Ng5+ Kf8 50. Rd6 Nc7 51. Rd8+ Ne8 52. f6 b4 53.
f7 Ke7 54. fxe8=Q+ Rxe8 55. Rxe8+ Kxe8 56. h8=Q+ Ke7 57. Qh6 Kd7 58. Kf5 Ke7
59. Qe6+ Kd8 60. Qf7 Kc8 61. Ke6 1-0

[Event "DVM U16 2013"]
[Site "Lingen (Ems) GER"]
[Date "2013.12.28"]
[Round "4"]
[White "Zolfagharian, Kevin"]
[Black "Wunder, Anton"]
[Result "1-0"]
[Termination "normal"]
[Board "10.1"]
[WhiteElo "2036"]
[BlackElo "1751"]
[WhiteTeam "SG Solingen"]
[BlackTeam "Heilbronner SV"]
[WhiteFideId "12933570"]
[BlackFideId "12964352"]
[EventCountry "GER"]
[EventRounds "7"]
[EventType "team-swiss"]
[EventDate "2013.12.26"]

1. e4 e6 2. Nf3 d5 3. Nc3 Nf6 4. e5 Nfd7 5. d4 c5 6. Bg5 Be7 7. Bxe7 Qxe7 8.
Nb5 Na6 9. Nd6+ Kf8 10. Bxa6 bxa6 11. c3 h6 12. O-O cxd4 13. cxd4 Nb6 14. Rc1
g6 15. Qd2 Kg7 16. Qb4 Kh7 17. Rc5 Bd7 18. b3 Rab8 19. Qd2 Nc8 20. Qf4 Kg7 21.
Rc7 g5 22. Qf6+ Qxf6 23. exf6+ Kxf6 24. Rxd7 Nxd6 25. Rxd6 g4 26. Ne5 h5 27.
Rxa6 Rb7 28. f4 Kf5 29. Nd3 h4 30. Re1 Rc7 31. Re5+ Kf6 32. Nc5 h3 33. g3 Rg8
34. Rxd5 1-0

[Event "DVM U16 2013"]
[Site "Lingen (Ems) GER"]
[Date "2013.12.28"]
[Round "4"]
[White "Wasielewski, Kim-Luca"]
[Black "Nguyen, Gia Huy Philipp"]
[Result "1-0"]
[Termination "normal"]
[Board "10.2"]
[WhiteElo "1555"]
[BlackElo "1563"]
[WhiteTeam "Heilbronner SV"]
[BlackTeam "SG Solingen"]
[WhiteFideId "12979503"]
[BlackFideId "12933597"]
[EventCountry "GER"]
[EventRounds "7"]
[EventType "team-swiss"]
[EventDate "2013.12.26"]

1. e4 c5 2. c3 Nf6 3. e5 Nd5 4. d4 cxd4 5. cxd4 Nc6 6. Nf3 e6 7. Nc3 Nxc3 8.
bxc3 d6 9. Bf4 d5 10. Be2 Be7 11. O-O O-O 12. c4 b6 13. Rc1 dxc4 14. Bxc4 Bb7
15. d5 exd5 16. Bxd5 Na5 17. Bxb7 Nxb7 18. Qe2 Nc5 19. Rfd1 Qe8 20. Nd4 Ne6 21.
Nxe6 fxe6 22. Qc4 Bc5 23. Bg3 Qf7 24. Rd2 Rac8 25. Qf1 Rcd8 26. Rcd1 Rxd2 27.
Rxd2 Qe7 28. Qd1 Qg5 29. Rd3 Rc8 30. h4 Qg6 31. Rf3 Rf8 32. Rd3 Rc8 33. Rd7 a5
34. Qb3 Re8 35. Kh2 Qf5 36. f3 Qf8 37. Qd1 Re7 38. Rd3 Re8 39. Qb3 Qe7 40. Qc4
Rc8 41. Qb3 Rc7 42. Kh3 Rd7 43. Qd1 Rxd3 44. Qxd3 Qf7 45. Kh2 g6 46. Be1 Qf4+
47. Bg3 Qf5 48. Qb3 Qf7 49. Qd3 Qf5 50. Qc4 Qf7 51. Be1 Qd7 52. Bxa5 Bf2 53.
Qe2 Qd4 54. g3 bxa5 55. Kg2 Be3 56. Qa6 Qxe5 57. Qc8+ Kg7 58. Qd7+ Kh6 59. g4
Qb2+ 60. Kh3 Qe5 61. Qe7 g5 62. h5 Bd4 63. Qf8+ Qg7 64. Qd6 Qf6 65. Kg2 Be5 66.
Qa6 Kg7 67. Qxa5 Bd6 68. Qa7+ Qf7 69. Qd4+ Qf6 70. Qxd6 Qb2+ 71. Kg3 Qxa2 72.
Qe7+ Kg8 73. Qxg5+ Kf8 74. h6 Qa7 75. Qf6+ Qf7 76. Qd8+ Qe8 77. Qxe8+ Kxe8 78.
Kf4 Kf7 79. Ke5 Ke7 80. g5 Kf7 81. f4 Ke7 82. g6 1-0

[Event "DVM U16 2013"]
[Site "Lingen (Ems) GER"]
[Date "2013.12.28"]
[Round "4"]
[White "Nink, Niklas"]
[Black "Gündisch, Stefan"]
[Result "1-0"]
[Termination "normal"]
[Board "10.3"]
[WhiteElo "1493"]
[BlackElo "1301"]
[WhiteTeam "SG Solingen"]
[BlackTeam "Heilbronner SV"]
[WhiteFideId "12944610"]
[BlackFideId "12983144"]
[EventCountry "GER"]
[EventRounds "7"]
[EventType "team-swiss"]
[EventDate "2013.12.26"]

1. e4 e6 2. Nf3 d5 3. Nc3 dxe4 4. Nxe4 Nc6 5. d4 Bd6 6. Nxd6+ cxd6 7. Be2 Nf6
8. O-O d5 9. Bg5 Bd7 10. Ne5 Qc7 11. Nxd7 Qxd7 12. a3 Ne4 13. Be3 Ne7 14. f3
Nd6 15. b3 Nef5 16. Bf2 O-O 17. Kh1 Rfe8 18. Qd2 Rac8 19. a4 a6 20. Bd3 Qe7 21.
Rg1 Qf6 22. c3 Ne7 23. Be3 Ng6 24. Bg5 Qxg5 25. Qxg5 Rxc3 26. Bxg6 fxg6 27.
Rab1 Nf5 28. Qd2 Rcc8 29. Rgc1 Rb8 30. Rc7 b5 31. axb5 axb5 32. Re1 b4 33. Rc6
h6 34. Rexe6 Rxe6 35. Rxe6 Kh7 36. g4 Nh4 37. Qf2 g5 38. Qc2+ Kg8 39. Qe2 Kh7
40. Re8 Rb6 41. Kg1 Rc6 42. Kf2 Rc3 43. Re3 Rc6 44. Qd3+ Kg8 45. Re5 Ng6 46.
Rxd5 Nf4 47. Rd8+ Kf7 48. Qf5+ Ke7 49. Rd7+ Ke8 1-0

[Event "DVM U16 2013"]
[Site "Lingen (Ems) GER"]
[Date "2013.12.28"]
[Round "4"]
[White "Dudt, Jonas"]
[Black "Barche, Robert"]
[Result "0-1"]
[Termination "normal"]
[Board "10.4"]
[WhiteElo "1001"]
[BlackElo "1308"]
[WhiteTeam "Heilbronner SV"]
[BlackTeam "SG Solingen"]
[WhiteFideId "12983152"]
[BlackFideId "12944572"]
[EventCountry "GER"]
[EventRounds "7"]
[EventType "team-swiss"]
[EventDate "2013.12.26"]

1. d4 d5 2. c4 e6 3. Nc3 Nf6 4. Bg5 c5 5. e3 cxd4 6. exd4 Be7 7. Nf3 Nc6 8. Be2
O-O 9. O-O Qb6 10. b3 a6 11. Rc1 dxc4 12. Bxc4 Qa7 13. Re1 b5 14. Bd3 Bb7 15.
Be4 Nxe4 16. Rxe4 Bxg5 17. Nxg5 Rad8 18. Ne2 Nb4 19. Rh4 h6 20. Nf3 Nxa2 21.
Rc2 Nb4 22. Qd2 Nxc2 23. Qxc2 Rc8 24. Qb1 Rc7 25. Ng5 f5 26. Nxe6 Re8 27. Nxc7
Rxe2 28. Qd1 Rb2 29. Qa1 Rc2 30. Ne6 Be4 31. f3 Bd5 32. Qb1 Re2 33. Nc5 Qe7 34.
Kf1 Qxh4 0-1

[Event "DVM U16 2013"]
[Site "Lingen (Ems) GER"]
[Date "2013.12.29"]
[Round "5"]
[White "Xu, Xianliang"]
[Black "Koop, Thorben"]
[Result "1/2-1/2"]
[Termination "normal"]
[Board "1.1"]
[WhiteElo "2084"]
[BlackElo "2232"]
[WhiteTeam "SG Porz"]
[BlackTeam "SV Lingen"]
[WhiteFideId "4603230"]
[BlackFideId "24661619"]
[EventCountry "GER"]
[EventRounds "7"]
[EventType "team-swiss"]
[EventDate "2013.12.26"]

1. d4 Nf6 2. c4 g6 3. Nc3 Bg7 4. e4 d6 5. f4 O-O 6. Nf3 c5 7. d5 e6 8. Be2 exd5
9. cxd5 Re8 10. e5 dxe5 11. fxe5 Ng4 12. e6 fxe6 13. d6 Bd7 14. O-O Nc6 15. Kh1
Rf8 16. Bg5 Bf6 17. Qd2 Nge5 18. Bxf6 Qxf6 19. Ne4 Qg7 20. Nxc5 Rf5 21. Qc3
1/2-1/2

[Event "DVM U16 2013"]
[Site "Lingen (Ems) GER"]
[Date "2013.12.29"]
[Round "5"]
[White "Oehne, Timo"]
[Black "Sabirov, Ramil"]
[Result "1-0"]
[Termination "normal"]
[Board "1.2"]
[WhiteElo "2019"]
[BlackElo "1908"]
[WhiteTeam "SV Lingen"]
[BlackTeam "SG Porz"]
[WhiteFideId "24661635"]
[BlackFideId "12900303"]
[EventCountry "GER"]
[EventRounds "7"]
[EventType "team-swiss"]
[EventDate "2013.12.26"]

1. e4 {[%emt 0:00:00]} c5 {[%emt 0:00:01]} 2. Nf3 Nc6 3. d4 cxd4 4. Nxd4 Qb6 5.
Nb3 Nf6 6. Nc3 e6 7. Bd3 Be7 8. Be3 Qc7 9. f4 d6 10. Qf3 O-O 11. O-O a6 12. a4
b6 13. Rad1 Bb7 14. Rfe1 Nd7 15. Qh3 Rfe8 16. Rf1 Nb4 17. Nd4 Nxd3 18. cxd3 Bf8
19. Rf3 g6 20. Rg3 Bg7 21. Qh4 Qd8 22. Qg4 Nf6 23. Qf3 Nh5 24. Rh3 f5 25. g4
Nf6 26. g5 Ng4 27. Bf2 Qc7 28. Qg3 Nxf2 29. Qxf2 Qc5 30. Nde2 Qxf2+ 31. Kxf2 e5
32. exf5 gxf5 33. d4 e4 34. Ke3 Rac8 35. Rg3 Kf7 36. h4 Kg6 37. Rgg1 Bc6 38.
Rh1 b5 39. h5+ Kf7 40. axb5 axb5 41. Na2 Bd5 42. Nb4 Bb3 43. Rc1 Rc4 44. Rxc4
Bxc4 45. Ng3 Be6 46. Ra1 Re7 47. d5 Bc8 48. Nc6 Rc7 49. Nd4 Bxd4+ 50. Kxd4 Rc4+
51. Ke3 Rc5 52. Ra7+ Kg8 53. h6 Rxd5 54. Nh5 Rd3+ 55. Ke2 Rb3 56. Ra8 Rxb2+ 57.
Kd1 Rb4 58. Rxc8+ Kf7 59. Rc7+ Ke6 60. Rxh7 Kd5 61. g6 Kd4 62. Rc7 Kd3 63. g7
e3 64. Ng3 Rxf4 65. g8=Q e2+ 66. Ke1 1-0

[Event "DVM U16 2013"]
[Site "Lingen (Ems) GER"]
[Date "2013.12.29"]
[Round "5"]
[White "Fieberg, Samuel"]
[Black "Bach, Jannik"]
[Result "1/2-1/2"]
[Termination "normal"]
[Board "1.3"]
[WhiteElo "1944"]
[BlackElo "1869"]
[WhiteTeam "SG Porz"]
[BlackTeam "SV Lingen"]
[WhiteFideId "12901717"]
[BlackFideId "24615900"]
[EventCountry "GER"]
[EventRounds "7"]
[EventType "team-swiss"]
[EventDate "2013.12.26"]

1. e4 c6 2. d4 d5 3. e5 Bf5 4. Nf3 e6 5. Be2 Nd7 6. O-O Ne7 7. Nbd2 Nc8 8. Nb3
Be7 9. Be3 a6 10. c3 Na7 11. Nc5 Qc7 12. Nxd7 Qxd7 13. h3 O-O 14. Nd2 f6 15. f4
fxe5 16. fxe5 c5 17. Nf3 c4 18. b4 Nc6 19. Qd2 b5 20. a3 Be4 21. Bg5 Bxf3 22.
Bxf3 Bxg5 23. Qxg5 Rf5 24. Qg3 Qe7 25. Bg4 Rxf1+ 26. Rxf1 Rf8 27. Rf4 Rxf4 28.
Qxf4 Nd8 29. h4 Nc6 30. g3 Nd8 31. Kg2 Nc6 32. Kh3 Qf7 33. Qxf7+ Kxf7 34. Bd1
g6 35. g4 h6 36. Kg3 Ne7 37. Bc2 Nc8 38. Kf4 Ne7 39. a4 Nc6 40. a5 Ne7 41. Bb1
Nc6 1/2-1/2

[Event "DVM U16 2013"]
[Site "Lingen (Ems) GER"]
[Date "2013.12.29"]
[Round "5"]
[White "Vonhoff, Nils"]
[Black "Brungs, Sven"]
[Result "1/2-1/2"]
[Termination "normal"]
[Board "1.4"]
[WhiteElo "1847"]
[BlackElo "1885"]
[WhiteTeam "SV Lingen"]
[BlackTeam "SG Porz"]
[WhiteFideId "24692301"]
[BlackFideId "12946257"]
[EventCountry "GER"]
[EventRounds "7"]
[EventType "team-swiss"]
[EventDate "2013.12.26"]

1. Nf3 g6 2. g3 Bg7 3. Bg2 Nf6 4. O-O O-O 5. d4 c6 6. c4 d5 7. Nc3 dxc4 8. e4
Nbd7 9. a4 a5 10. Qc2 Nb6 11. h3 Nh5 12. g4 Nf6 13. Be3 Qc7 14. Ne5 Nfd7 15. f4
Nxe5 16. dxe5 Rd8 17. Qf2 Nd7 18. Rfd1 e6 19. Bf1 Bf8 20. Bxc4 b6 21. Rd2 Bc5
22. Bxc5 Nxc5 23. Rxd8+ Qxd8 24. Rd1 Qc7 25. Qd4 Qd7 26. Qd6 Ra7 27. Kf2 Rc7
28. Ke3 Nb7 29. Qd4 Qxd4+ 30. Rxd4 Bd7 31. h4 Kg7 32. Rd2 Nc5 33. g5 1/2-1/2

[Event "DVM U16 2013"]
[Site "Lingen (Ems) GER"]
[Date "2013.12.29"]
[Round "5"]
[White "Spät, Alexander"]
[Black "Grigorian, Spartak"]
[Result "0-1"]
[Termination "normal"]
[Board "2.1"]
[WhiteElo "1973"]
[BlackElo "2163"]
[WhiteTeam "Königsspringer Hamburg"]
[BlackTeam "SK Wildeshausen"]
[WhiteFideId "24687693"]
[BlackFideId "24661490"]
[EventCountry "GER"]
[EventRounds "7"]
[EventType "team-swiss"]
[EventDate "2013.12.26"]

1. e4 c5 2. Nf3 e6 3. c3 Nf6 4. e5 Nd5 5. d4 cxd4 6. cxd4 d6 7. a3 Nc6 8. Bd3
Be7 9. O-O O-O 10. Qe2 Bd7 11. Nc3 dxe5 12. dxe5 Nxc3 13. bxc3 Qc7 14. Qe4 g6
15. Re1 Rfd8 16. Ng5 Qxe5 17. Qxe5 Nxe5 18. Rxe5 f6 19. Re1 fxg5 20. Be3 Bf6
21. Rac1 b6 22. Ba6 Kf7 23. Bd4 Bc6 24. Be5 Bxe5 25. Rxe5 Rd5 26. Rce1 Rxe5 27.
Rxe5 Kf6 28. Re1 Rd8 29. f3 h5 30. Kf2 Rd2+ 31. Re2 Rd1 32. Re1 Rd6 33. Re3 Bd5
34. c4 Bc6 35. Ke2 g4 36. fxg4 hxg4 37. h3 Bxg2 38. hxg4 Bc6 39. Bc8 Bd7 40.
Bb7 Rd4 41. Re4 Rxe4+ 42. Bxe4 Kg5 43. Kd3 e5 44. c5 Bb5+ 45. Kc3 bxc5 46. Kb3
a5 47. a4 Be2 48. Kc3 c4 49. Bc2 Bd3 0-1

[Event "DVM U16 2013"]
[Site "Lingen (Ems) GER"]
[Date "2013.12.29"]
[Round "5"]
[White "Finke, Maurice"]
[Black "Pfreundt, Jakob"]
[Result "0-1"]
[Termination "normal"]
[Board "2.2"]
[WhiteElo "1958"]
[BlackElo "1906"]
[WhiteTeam "SK Wildeshausen"]
[BlackTeam "Königsspringer Hamburg"]
[WhiteFideId "12909580"]
[BlackFideId "12918156"]
[EventCountry "GER"]
[EventRounds "7"]
[EventType "team-swiss"]
[EventDate "2013.12.26"]

1. d4 Nf6 2. c4 e6 3. Nf3 b6 4. Nc3 Bb4 5. Qb3 a5 6. Bg5 Bb7 7. e3 h6 8. Bh4
Nc6 9. Be2 a4 10. Qc2 a3 11. O-O Ne7 12. bxa3 Bxc3 13. Qxc3 Ne4 14. Qb2 g5 15.
Bg3 O-O 16. Ne5 d6 17. Nd3 Ra5 18. c5 Qa8 19. cxd6 cxd6 20. Bf3 Nxg3 21. Bxb7
Qxb7 22. hxg3 Rfa8 23. Nb4 Rxa3 24. Rfc1 b5 25. Rab1 Nd5 26. Nxd5 Qxd5 27. Qxb5
Qxb5 28. Rxb5 Rxa2 29. Rc7 Rd2 30. Rb1 Raa2 31. Rf1 h5 32. Rd7 d5 33. Rc7 g4
34. Rb7 h4 35. Kh2 h3 36. gxh3 Rxf2+ 37. Rxf2 Rxf2+ 38. Kg1 Rf3 39. Kg2 Rxe3
40. hxg4 Re4 41. Rb4 Rxg4 42. Kf3 Re4 43. Ra4 Kg7 44. Rb4 Kg6 45. Ra4 Re1 46.
Ra7 Rb1 47. Ra3 Kf5 48. Ra7 Rb3+ 49. Kf2 Kg6 50. Ra8 Rd3 51. Rg8+ Kf5 52. Rg7
f6 53. g4+ Kf4 54. Rg6 f5 55. g5 Rd2+ 56. Ke1 Rxd4 57. Rg8 Ke5 58. Ke2 Rg4 59.
Kf3 d4 60. Rg7 d3 61. Ke3 Rg3+ 62. Kf2 d2 63. Ke2 Rd3 64. Kd1 Rd8 65. Ra7 Rg8
66. Ra5+ Kf4 67. Ra6 Rg6 68. Kxd2 Kxg5 0-1

[Event "DVM U16 2013"]
[Site "Lingen (Ems) GER"]
[Date "2013.12.29"]
[Round "5"]
[White "Lemke, Berfin"]
[Black "Ngo, Minh Duc"]
[Result "0-1"]
[Termination "normal"]
[Board "2.3"]
[WhiteElo "1609"]
[BlackElo "1980"]
[WhiteTeam "Königsspringer Hamburg"]
[BlackTeam "SK Wildeshausen"]
[WhiteFideId "1270578"]
[BlackFideId "12942693"]
[EventCountry "GER"]
[EventRounds "7"]
[EventType "team-swiss"]
[EventDate "2013.12.26"]

1. e4 c5 2. Nf3 Nc6 3. d4 cxd4 4. Nxd4 g6 5. Nc3 Bg7 6. Be3 Nf6 7. Bc4 O-O 8.
Bb3 d6 9. f3 Nxd4 10. Bxd4 Be6 11. Qd2 Qa5 12. O-O Rfd8 13. Rad1 Rac8 14. Kh1
b6 15. Qe2 Nd7 16. Bxg7 Kxg7 17. Nd5 Bxd5 18. Rxd5 Rc5 19. Rfd1 Nf6 20. Rxc5
Qxc5 21. e5 Nh5 22. exd6 Rxd6 23. Rxd6 Qxd6 24. c3 Nf4 25. Qc2 Qd3 26. h3 Qf1+
27. Kh2 Ne2 28. Qd1 Qf2 29. Qb1 Qe3 30. Qd1 h5 31. Bc2 h4 32. Bb3 f6 33. Bc2
Qf2 34. Bb3 b5 35. a3 Nf4 36. Qc2 Ne2 37. Qd1 a5 38. a4 bxa4 39. Bxa4 Qe3 40.
Bb3 Qe5+ 41. Kh1 g5 42. Bc2 f5 43. Bd3 Ng3+ 44. Kg1 Qe3+ 45. Kh2 Qf2 46. b3 Qc5
47. c4 Qe5 48. Kg1 Kf6 49. Bc2 Qe3+ 50. Kh2 Ne2 51. Qa1+ e5 52. Qd1 Nd4 53. Kh1
Qc3 54. Bb1 Qxb3 55. Qf1 a4 56. c5 Qb5 57. Qc1 a3 58. Ba2 Ne2 59. Qd1 Nd4 60.
Qc1 Qa4 61. Qb1 Qa6 62. Qc1 Kg6 63. Qb1 Qc6 64. Qd3 Qxc5 65. Qa6+ Nc6 66. Qf1
Kf6 67. Qb1 Nb4 68. Bb3 Qc3 69. Qd1 Nd3 70. Kh2 Qd4 71. Qc2 Qf4+ 72. Kg1 Qc1+
0-1

[Event "DVM U16 2013"]
[Site "Lingen (Ems) GER"]
[Date "2013.12.29"]
[Round "5"]
[White "Reuker, Jari"]
[Black "Samm, Bastian"]
[Result "1-0"]
[Termination "normal"]
[Board "2.4"]
[WhiteElo "1815"]
[BlackElo "1200"]
[WhiteTeam "SK Wildeshausen"]
[BlackTeam "Königsspringer Hamburg"]
[WhiteFideId "12909300"]
[BlackFideId "12969885"]
[EventCountry "GER"]
[EventRounds "7"]
[EventType "team-swiss"]
[EventDate "2013.12.26"]

1. e4 c5 2. Nf3 d6 3. c3 Nf6 4. h3 Bd7 5. Bd3 e6 6. Bc2 Nc6 7. O-O Be7 8. Re1
Rc8 9. a3 O-O 10. d4 cxd4 11. cxd4 Qc7 12. Nc3 e5 13. Be3 Na5 14. Nd2 Ne8 15.
Nd5 Qd8 16. Rc1 Nc7 17. Nxe7+ Qxe7 18. b4 Nc6 19. d5 Nd8 20. Nc4 b6 21. Qd2 Ne8
22. Bd3 f5 23. Bg5 Qf7 24. f4 fxe4 25. Bxe4 exf4 26. Rf1 Nf6 27. Qxf4 Nxe4 28.
Qxe4 Qg6 29. Rxf8+ Kxf8 30. Qe7+ Kg8 31. Qxd7 1-0

[Event "DVM U16 2013"]
[Site "Lingen (Ems) GER"]
[Date "2013.12.29"]
[Round "5"]
[White "Peczely, Sebastian Zsombor"]
[Black "Riehle, Marco"]
[Result "1-0"]
[Termination "normal"]
[Board "3.1"]
[WhiteElo "2183"]
[BlackElo "1876"]
[WhiteTeam "Schachgemeinschaft Leipzig"]
[BlackTeam "SF Sasbach"]
[WhiteFideId "750964"]
[BlackFideId "12904392"]
[EventCountry "GER"]
[EventRounds "7"]
[EventType "team-swiss"]
[EventDate "2013.12.26"]

1. e4 e5 2. Nf3 Nf6 3. Nxe5 Nxe4 4. Qe2 Qe7 5. Qxe4 d6 6. d4 dxe5 7. dxe5 Nc6
8. Bb5 Bd7 9. Nc3 O-O-O 10. Be3 a6 11. Ba4 Nxe5 12. O-O-O Nc6 13. Qf4 f6 14.
Rhe1 Qe5 15. Bxc6 Bxc6 16. Rxd8+ Kxd8 17. Qg4 Qxh2 18. Rd1+ Ke7 19. Bf4 Qxg2
20. Rd7+ Bxd7 21. Qxg2 c6 22. Ne4 Kf7 23. Bd6 h5 24. Bxf8 Kxf8 25. Nd6 Rh6 26.
Nxb7 h4 27. Qh2 h3 28. Nc5 Bf5 29. Nd3 g5 30. a4 Kg7 31. Nb4 g4 32. Nxc6 Be4
33. Qc7+ Kg6 34. Ne7+ Kg5 35. Qc5+ Kh4 36. Qe3 Rh5 37. Qxe4 h2 38. Qh1 g3 39.
Qg2 gxf2 40. Qxh2+ 1-0

[Event "DVM U16 2013"]
[Site "Lingen (Ems) GER"]
[Date "2013.12.29"]
[Round "5"]
[White "Ehmann, Thilo"]
[Black "Kreyssig, Robert"]
[Result "1/2-1/2"]
[Termination "normal"]
[Board "3.2"]
[WhiteElo "1921"]
[BlackElo "2070"]
[WhiteTeam "SF Sasbach"]
[BlackTeam "Schachgemeinschaft Leipzig"]
[WhiteFideId "12940968"]
[BlackFideId "4662881"]
[EventCountry "GER"]
[EventRounds "7"]
[EventType "team-swiss"]
[EventDate "2013.12.26"]

1. c4 c5 2. Nc3 Nf6 3. Nf3 d5 4. cxd5 Nxd5 5. d4 Nxc3 6. bxc3 g6 7. e4 Bg7 8.
Bb5+ Bd7 9. Bxd7+ Qxd7 10. O-O O-O 11. Rb1 Nc6 12. Be3 cxd4 13. cxd4 Rfd8 14.
d5 Ne5 15. Nxe5 Bxe5 16. f4 Bg7 17. Qb3 b6 18. f5 Qd6 19. fxg6 hxg6 20. Rf3 Be5
21. Rbf1 f6 22. h4 Rac8 23. Qd1 Rc3 24. Rh3 Rxe3 25. Rxe3 Qc5 26. Qf3 Bd4 27.
Rfe1 Kg7 28. Kh2 Bxe3 29. Rxe3 Qd6+ 30. Kh3 Qe5 31. Qg4 Rh8 32. Qe6 Rxh4+ 33.
Kxh4 Qf4+ 34. Kh3 Qxe3+ 35. g3 Qh6+ 36. Kg2 Qd2+ 37. Kh3 Qh6+ 38. Kg2 Qd2+ 39.
Kh3 Qh6+ 1/2-1/2

[Event "DVM U16 2013"]
[Site "Lingen (Ems) GER"]
[Date "2013.12.29"]
[Round "5"]
[White "Kreyssig, Bruno"]
[Black "Bohnert, Dominik"]
[Result "0-1"]
[Termination "normal"]
[Board "3.3"]
[WhiteElo "1837"]
[BlackElo "1936"]
[WhiteTeam "Schachgemeinschaft Leipzig"]
[BlackTeam "SF Sasbach"]
[WhiteFideId "4692489"]
[BlackFideId "12918075"]
[EventCountry "GER"]
[EventRounds "7"]
[EventType "team-swiss"]
[EventDate "2013.12.26"]

1. e4 e5 2. f4 exf4 3. Nc3 Ne7 4. d4 d5 5. exd5 Nxd5 6. Nxd5 Qxd5 7. Bxf4 Bd6
8. Bxd6 Qxd6 9. Qd2 O-O 10. O-O-O b5 11. Nf3 a5 12. Bd3 b4 13. Rhf1 Ba6 14. Ng5
h6 15. Bh7+ Kh8 16. Nxf7+ Rxf7 17. Rxf7 Kxh7 18. Re1 Bc4 19. Rf3 Nc6 20. c3
bxc3 21. Qc2+ Kg8 22. bxc3 Rb8 23. Rfe3 Bf7 24. Qa4 Qg6 25. Qc2 Qd6 26. Qa4 Bg6
27. h3 Qd5 28. R1e2 Qf5 29. Re4 Qf1+ 30. Re1 Qd3 0-1

[Event "DVM U16 2013"]
[Site "Lingen (Ems) GER"]
[Date "2013.12.29"]
[Round "5"]
[White "Zimmer, Raphael"]
[Black "Waschischeck, Tom"]
[Result "0-1"]
[Termination "normal"]
[Board "3.4"]
[WhiteElo "1625"]
[BlackElo "1718"]
[WhiteTeam "SF Sasbach"]
[BlackTeam "Schachgemeinschaft Leipzig"]
[WhiteFideId "12978841"]
[BlackFideId "12931780"]
[EventCountry "GER"]
[EventRounds "7"]
[EventType "team-swiss"]
[EventDate "2013.12.26"]

1. e4 c5 2. Nf3 a6 3. d4 cxd4 4. Nxd4 Nf6 5. f3 e5 6. Nb3 d5 7. Bg5 dxe4 8.
Qxd8+ Kxd8 9. fxe4 Be6 10. Nc3 Ke8 11. a3 Nbd7 12. Be2 h6 13. Bh4 Be7 14. Nd2
Nxe4 15. Ndxe4 Bxh4+ 16. g3 Be7 17. Bf3 Rb8 18. O-O g6 19. Rad1 f5 20. Nd6+
Bxd6 21. Rxd6 Ke7 22. Rfd1 Rhd8 23. b4 e4 24. Be2 Rdc8 25. Na4 Rxc2 26. Bf1 Ne5
27. Kh1 Ng4 28. R1d2 Rxd2 29. Rxd2 Ne3 30. Be2 Nc4 31. Ra2 Nb6 32. Nxb6 Bxa2
33. Na4 b5 34. Nc5 Rb6 35. h4 Bc4 36. Bxc4 bxc4 37. Kg2 c3 38. Kf2 c2 39. Nb3
Rd6 40. Ke2 Rd1 41. a4 c1=Q 42. Nxc1 Rxc1 43. b5 axb5 44. axb5 Rb1 0-1

[Event "DVM U16 2013"]
[Site "Lingen (Ems) GER"]
[Date "2013.12.29"]
[Round "5"]
[White "Eichstaedt, Mirko"]
[Black "Vöge, Tobias"]
[Result "1/2-1/2"]
[Termination "normal"]
[Board "4.1"]
[WhiteElo "1939"]
[BlackElo "1946"]
[WhiteTeam "USV Potsdam"]
[BlackTeam "Stader SV"]
[WhiteFideId "24692310"]
[BlackFideId "1270513"]
[EventCountry "GER"]
[EventRounds "7"]
[EventType "team-swiss"]
[EventDate "2013.12.26"]

1. e4 c5 2. c4 Nc6 3. Nc3 g6 4. g3 Bg7 5. Bg2 d6 6. Nge2 Nf6 7. d3 a6 8. Bd2
Rb8 9. Nd5 O-O 10. O-O b5 11. Bc3 e6 12. Nxf6+ Bxf6 13. b3 b4 14. Bxf6 Qxf6 15.
Qd2 Nd4 16. Nxd4 Qxd4 17. Qe3 Qxe3 18. fxe3 e5 19. d4 Rd8 20. Rad1 Be6 21. Rd3
Kf8 22. Kf2 Ke7 23. Rfd1 a5 24. a4 bxa3 25. d5 Bd7 26. Ra1 a4 27. Rxa3 Rb4 28.
bxa4 Bxa4 29. Rdc3 Rdb8 30. Bf1 Rb2+ 31. Kg1 R8b4 32. Rc1 R2b3 33. Rxb3 Bxb3
34. Kf2 Kd7 35. Ra1 Ba4 36. Bd3 Ke7 37. Be2 Kd7 38. Bd3 Kc7 39. Ke2 Kb7 40. Kd2
Bd7 41. Kc3 Bg4 42. Ra2 Kb6 43. Ra1 Rb3+ 44. Kd2 Rb2+ 1/2-1/2

[Event "DVM U16 2013"]
[Site "Lingen (Ems) GER"]
[Date "2013.12.29"]
[Round "5"]
[White "Hammann, Jonas"]
[Black "Cech, Tim"]
[Result "1-0"]
[Termination "normal"]
[Board "4.2"]
[WhiteElo "1756"]
[BlackElo "1805"]
[WhiteTeam "Stader SV"]
[BlackTeam "USV Potsdam"]
[WhiteFideId "12930601"]
[BlackFideId "1270258"]
[EventCountry "GER"]
[EventRounds "7"]
[EventType "team-swiss"]
[EventDate "2013.12.26"]

1. Nf3 Nf6 2. e3 d5 3. d4 Bg4 4. Be2 Nbd7 5. Nbd2 e6 6. b3 Bb4 7. O-O O-O 8.
Bb2 c5 9. c3 Ba5 10. dxc5 Bc7 11. b4 e5 12. h3 Bh5 13. c4 e4 14. Nd4 Bxe2 15.
Nxe2 Ne5 16. Bxe5 Bxe5 17. Rb1 a5 18. a3 axb4 19. axb4 Ra2 20. Nd4 Qd7 21. cxd5
Qxd5 22. N2b3 Rfa8 23. Ra1 Rxa1 24. Nxa1 Qc4 25. Qb3 Qa6 26. Nac2 h6 27. g3 Qa4
28. Ra1 Qe8 29. Ra3 Qc8 30. Kg2 h5 31. Rxa8 Qxa8 32. b5 Nd7 33. Qd5 Bxd4 34.
Nxd4 Nf6 35. Qd6 h4 36. g4 Qc8 37. c6 bxc6 38. bxc6 Ne8 39. Qd7 Qa8 40. c7 1-0

[Event "DVM U16 2013"]
[Site "Lingen (Ems) GER"]
[Date "2013.12.29"]
[Round "5"]
[White "Werthmann, Nils"]
[Black "Dittmann, Tobias"]
[Result "0-1"]
[Termination "normal"]
[Board "4.3"]
[WhiteElo "1765"]
[BlackElo "1674"]
[WhiteTeam "USV Potsdam"]
[BlackTeam "Stader SV"]
[WhiteFideId "1270257"]
[BlackFideId "12964360"]
[EventCountry "GER"]
[EventRounds "7"]
[EventType "team-swiss"]
[EventDate "2013.12.26"]

1. Nc3 d5 2. e4 e6 3. d4 Nf6 4. Bg5 Be7 5. e5 Nfd7 6. Bxe7 Qxe7 7. Qg4 O-O 8.
f4 f5 9. Qh3 a6 10. Nf3 c5 11. g4 fxg4 12. Qxg4 Nc6 13. Bd3 Nxd4 14. Nxd4 cxd4
15. Qh5 g6 16. Bxg6 dxc3 17. Rg1 Kh8 18. Rg4 cxb2 19. Rb1 Rg8 20. h3 Nf8 21.
Bd3 Rxg4 22. hxg4 Qb4+ 23. Ke2 Qxf4 24. Rh1 d4 25. Qh3 Qxe5+ 26. Kf2 Qe3+ 27.
Qxe3 dxe3+ 28. Kxe3 Bd7 29. Rb1 Bc6 30. Rxb2 Kg7 31. Rb4 Ng6 32. Be4 Bxe4 33.
Kxe4 b5 34. a4 bxa4 35. Rxa4 Kf6 36. Ra5 Ra7 37. g5+ Ke7 38. c4 Kd6 39. Kd4 Kc6
40. c5 Kd7 41. Ke4 Ne7 42. Ra1 Nc6 43. Rd1+ Ke7 44. Rh1 Ke8 45. Rh6 Re7 46. g6
hxg6 47. Rxg6 Kf7 48. Rh6 a5 49. Rh7+ Ke8 50. Rh8+ Kd7 51. Ra8 Kc7 52. Ra6 Rd7
53. Ra8 Rd5 0-1